The preacher's complete homiletic commentary; vol. 26. (Record no. 1334)

000 -LEADER
fixed length control field 00581nam a2200181 a 4500
001 - CONTROL NUMBER
control field :::00017503$&:&@@
003 - CONTROL NUMBER IDENTIFIER
control field OkBaRHE
005 - DATE AND TIME OF LATEST TRANSACTION
control field 20100326153932.0
008 - FIXED-LENGTH DATA ELEMENTS--GENERAL INFORMATION
fixed length control field s1986 j 000 0 eng u
040 ## - CATALOGING SOURCE
Transcribing agency
100 1# - MAIN ENTRY--PERSONAL NAME
Personal name Exell, Joseph S. and Leale, Thomas H.
245 14 - TITLE STATEMENT
Title The preacher's complete homiletic commentary; vol. 26.
260 ## - PUBLICATION, DISTRIBUTION, ETC. (IMPRINT)
Place of publication, distribution, etc Grand Rapids, MI., :
Name of publisher, distributor, etc Baker Book House
Date of publication, distribution, etc 1986
300 ## - PHYSICAL DESCRIPTION
Extent v. (1-31)
650 ## - SUBJECT ADDED ENTRY--TOPICAL TERM
Topical term or geographic name as entry element Bible
General subdivision Commentaries
942 ## - ADDED ENTRY ELEMENTS (KOHA)
Source of classification or shelving scheme
Koha item type Books
Copies
Lost status Price effective from Date acquired Full call number Barcode Shelving location Damaged status Date last seen Not for loan Koha item type Permanent Location Collection code Withdrawn status Copy number Source of classification or shelving scheme
 2010-04-142010-04-14BS 491 .E117503General Stacks 2010-04-14 BooksRHEMA Bible Training CollegeReference 1